Normal view
MARC view
- M.A Rice
Entry Personal Name
001 - CONTROL NUMBER
- control field: 127368
003 - CONTROL NUMBER IDENTIFIER
- control field: NUST
005 - DATE AND TIME OF LATEST TRANSACTION
- control field: 20250107110156.0
008 - FIXED-LENGTH DATA ELEMENTS
- fixed length control field: 250107|| aca||aabn | a|a d
040 ## - CATALOGING SOURCE
- Original cataloging agency: NUST
- Transcribing agency: NUST
100 ## - HEADING--PERSONAL NAME
- Personal name: M.A Rice
670 ## - SOURCE DATA FOUND
- Source citation: Work cat.: (NUST): M.A Rice, Communication and information system for battlefield command and control , 1989.
